Регионална библиотека "Любен Каравелов" - Русе

Товароведение мясных и рыбных товаров (Запис номер 405584)

MARC детайли
000 -Лидер
Контролно поле с фиксирана дължина nam a22 a 4500
003 - Код на организацията, давaща контролен номер
Контролно поле BLK
005 - Дата и час на последна редакция
Контролно поле 20210406061727.0
008 - Елементи от данни с фиксирана дължина
fixed length control field 210406b bu |||||r|||| 00| | bu d
040 ## - Източник на каталожния запис
Идентификатор на билиотеката - собственик на записа BLK
041 ## - Код за език
Код за езика на текст/звукозапис или на отделно заглавие Български
Код за езика КДБФ Български
080 ## - УДК
Текстов определител УДК Месо и месни продукти (хранителни) (Вж и 664. 9 ; 637. 51)
УДК код - определител по УДК 637.5
УДК - код + определител 637.5
080 ## - УДК
Текстов определител УДК Рибно стопанство
УДК код - определител по УДК 639.2/.3
УДК - код + определител 639.2/.3
100 ## - Редна дума - Автор
R(LIN) 1299
Автор Алмазов, Александр Михайлович
Авторска отговорност първи автор
139 ## - Редно поле
Редна дума Алмазов, Александр Михайлович
245 ## - Сведения за заглавието
Заглавие Товароведение мясных и рыбных товаров
Подзаглавни данни Учебник для школ торг. ученичества
260 ## - Област на издателските данни
9 (RLIN) 212505
Място на издаване, разпространение и проч. Москва
Име на издателя, разпространителя и проч. Госторгиздат
Година на издаване 1952
300 ## - Физическа характеристика
Страници 176 с.
Илюстрации и др. ил.
Размери/Мащаб 23 см
380 ## - Жанр
Жанр Обществени науки
650 #0 - Допълнително описание по предмет – тема
9 (RLIN) 285533
Основно описание – тема или топоним Месо и месни продукти - учебници
650 #7 - Допълнително описание по предмет – тема
9 (RLIN) 169471
Основно описание – тема или топоним Рибни продукти - учебници
653 #7 - Ключова дума – ненормативна
9 (RLIN) 198844
Ключова дума търговия
852 ## - Местоположение
Форматна сигнатура Цб 3.225.40790
Фондова буква Хранилище
999 ## - СИСТЕМНИ КОНТРОЛНИ НОМЕРА
Koha biblionumber 405584
Koha biblioitemnumber 405584
942 ## - АРТИКУЛИ
Вид на библиотечния материал Книги
Скрит в OPAC Не
Периодичен библиозапис Да
944 ## - СЪЗДАВАНЕ И РЕДАКЦИЯ на ЗАПИСА
Създаване/Редакция Създаване
Дата на регистрацията/редакция 2021-04-06
Служител, извършил регистрацията/редакцията А.М.
Наличности
Код за отписване Код за изгубен артикул Източник на класификационната схема Код за повреда Коз за рестрикции Код за отдаване Артикулен № Име на библиотеката - собственик Име на библиотеката, в която се намира в момента Статус (Текущо местоположение) Дата на вписване в системата Местоположение - отдел Цена в лева Инвентарен номер Систематично азбучна сигнатура Баркод Цена в евро Служебен тип на артикула
  Не е изгубен Universal Decimal Classification Не е повреден само за читалня ползва се в читалня 821434 Регионална библиотека "Любен Каравелов" Русе Регионална библиотека "Любен Каравелов" Русе Хранилище 2021-04-09 Основен фонд - ползва се само за читалня 0.36 7491/53 Цб 3.225.40790 900000044923 0.18 Книги
Vip Innovations Ltd, Rousse, Bulgaria 2025